Countries Less Populated than any Bigger Country - Statistics

General Stats
  • This quiz has been taken 94 times
  • The average score is 10 of 18
Answer Stats
COUNTRY % Correct
Vatican City
93%
Mongolia
80%
Nauru
78%
Kazakhstan
73%
Tuvalu
73%
Canada
72%
Australia
66%
Palau
66%
Vanuatu
59%
Libya
52%
Samoa
52%
Namibia
51%
Suriname
46%
Iceland
44%
Guyana
40%
Botswana
33%
São Tomé and Príncipe
33%
Dominica
27%
No matching quizzes found
Score Distribution
Percent of People with Each Score
Percentile by Number Answered
Your Score History
You have not taken this quiz